Twitch Streamer Namen nach Alphabet - Statistiken

Allgemein
  • Dieses Quiz wurde 683 mal gespielt
  • Das Durchschnittsergebnis liegt bei 6 aus 15
Antwortstatistiken
Hint Antwort % Korrekt
88aaabcklmnnot MontanaBlack88
99%
ehnopuuy HoneyPuu
76%
eilortx ELoTRiX
73%
aaaelppptt Papaplatte
63%
eklsv Vlesk
58%
abos Baso
46%
abddfhlnooo HandofBlood
31%
acmrsty Trymacs
28%
aacddhlru Dhalucard
27%
hnntuy Thunny
17%
aeehiklnorsst TheRealKnossi
11%
eilmntu Lumenti
10%
eggmstvy SmeggyTV
9%
beikor Broeki
6%
cehkllortu Kutcherlol
3%
Keine übereinstimmenden Quizze gefunden
Verteilung der Resultate
Anzahl Personen mit jedem Resultat
Perzentil nach korrekt beantworteten Fragen
Ihre Resultats-Entwicklung
Sie haben dieses Quiz noch nicht gespielt